Capitals - Select Oceania Capitals on Map - Statistics

General Stats
  • This quiz has been taken 54 times
  • The average score is 8 of 14
Answers on the Map
Answers color-coded by a green-red scale on the quiz's map according to % correct below.
 
Answer Stats
Answer % Correct
Canberra
92%
Wellington
92%
Port Moresby
77%
Suva
69%
Honiara
58%
Port Vila
58%
Apia
54%
Yaren
54%
Funafuti
46%
South Tarawa
46%
Ngerulmud
42%
Palikir
42%
Nuku'alofa
38%
Majuro
35%
No matching quizzes found
Score Distribution
Percent of People with Each Score
Percentile by Number Answered
Your Score History
You have not taken this quiz